<?xml version="1.0" encoding="UTF-8"?><?xml-stylesheet type="text/xsl" href="static/style.xsl"?><OAI-PMH xmlns="http://www.openarchives.org/OAI/2.0/" xmlns:xsi="http://www.w3.org/2001/XMLSchema-instance" xsi:schemaLocation="http://www.openarchives.org/OAI/2.0/ http://www.openarchives.org/OAI/2.0/OAI-PMH.xsd"><responseDate>2026-04-13T05:05:25Z</responseDate><request verb="GetRecord" identifier="oai:www.recercat.cat:2072/437649" metadataPrefix="marc">https://recercat.cat/oai/request</request><GetRecord><record><header><identifier>oai:recercat.cat:2072/437649</identifier><datestamp>2026-03-13T05:36:33Z</datestamp><setSpec>com_2072_98</setSpec><setSpec>col_2072_378192</setSpec></header><metadata><record xmlns="http://www.loc.gov/MARC21/slim" xmlns:dcterms="http://purl.org/dc/terms/" xmlns:xsi="http://www.w3.org/2001/XMLSchema-instance" xmlns:doc="http://www.lyncode.com/xoai" xsi:schemaLocation="http://www.loc.gov/MARC21/slim http://www.loc.gov/standards/marcxml/schema/MARC21slim.xsd">
   <leader>00925njm 22002777a 4500</leader>
   <datafield ind2=" " ind1=" " tag="042">
      <subfield code="a">dc</subfield>
   </datafield>
   <datafield ind2=" " ind1=" " tag="720">
      <subfield code="a">Aguilar Jaramillo, Andrea Elizabeth</subfield>
      <subfield code="e">author</subfield>
   </datafield>
   <datafield ind2=" " ind1=" " tag="720">
      <subfield code="a">Marín González, Esther</subfield>
      <subfield code="e">author</subfield>
   </datafield>
   <datafield ind2=" " ind1=" " tag="720">
      <subfield code="a">Matías Hernández, Luis</subfield>
      <subfield code="e">author</subfield>
   </datafield>
   <datafield ind2=" " ind1=" " tag="720">
      <subfield code="a">Osnato, Michela</subfield>
      <subfield code="e">author</subfield>
   </datafield>
   <datafield ind2=" " ind1=" " tag="720">
      <subfield code="a">Pelaz, Soraya</subfield>
      <subfield code="e">author</subfield>
   </datafield>
   <datafield ind2=" " ind1=" " tag="720">
      <subfield code="a">Suárez-López, Paula</subfield>
      <subfield code="e">author</subfield>
   </datafield>
   <datafield ind2=" " ind1=" " tag="260">
      <subfield code="c">2019</subfield>
   </datafield>
   <datafield ind2=" " ind1=" " tag="520">
      <subfield code="a">In the age-dependent pathway, microRNA 156 (miR156) is essential for the correct timing of developmental transitions. miR156 negatively regulates several SPL genes, which promote the juvenile-to-adult and floral transitions in part through upregulation of miR172. The transcriptional repressors TEMPRANILLO1 (TEM1) and TEM2 delay flowering in Arabidopsis thaliana at least through direct repression of FLOWERING LOCUS T (FT) and gibberellin biosynthetic genes, and have also been reported to participate in the length of the juvenile phase. Levels of TEM mRNA and miR156 decrease gradually, allowing progression through developmental phases. Given these similarities, we hypothesized that TEMs and the miR156/SPL/miR172 module could act through a common genetic pathway. We analyzed the effect of TEMs on levels of miR156, SPL and miR172, tested binding of TEMs to these genes using chromatin immunoprecipitation and analyzed the genetic interaction between TEMs and miR172. We found that TEMs played a stronger role in the floral transition than in the juvenile-to-adult transition. TEM1 repressed MIR172A, MIR172B and MIR172C expressions and bound in vivo to at least MIR172C sequences. Genetic analyses indicated that TEMs affect the regulation of developmental timing through miR172.</subfield>
   </datafield>
   <datafield tag="653" ind2=" " ind1=" ">
      <subfield code="a">Rabidopsis</subfield>
   </datafield>
   <datafield tag="653" ind2=" " ind1=" ">
      <subfield code="a">Flowering</subfield>
   </datafield>
   <datafield tag="653" ind2=" " ind1=" ">
      <subfield code="a">Juvenile-to-adult transition</subfield>
   </datafield>
   <datafield tag="653" ind2=" " ind1=" ">
      <subfield code="a">MiR172</subfield>
   </datafield>
   <datafield tag="653" ind2=" " ind1=" ">
      <subfield code="a">SPL</subfield>
   </datafield>
   <datafield tag="653" ind2=" " ind1=" ">
      <subfield code="a">TEMPRANILLO</subfield>
   </datafield>
   <datafield tag="653" ind2=" " ind1=" ">
      <subfield code="a">Vegetative phase change</subfield>
   </datafield>
   <datafield ind2="0" ind1="0" tag="245">
      <subfield code="a">TEMPRANILLO is a direct repressor of the microRNA miR172</subfield>
   </datafield>
</record></metadata></record></GetRecord></OAI-PMH>